<?xml version="1.0" encoding="UTF-8"?>
<record
    xmlns:xsi="http://www.w3.org/2001/XMLSchema-instance"
    xsi:schemaLocation="http://www.loc.gov/MARC21/slim http://www.loc.gov/standards/marcxml/schema/MARC21slim.xsd"
    xmlns="http://www.loc.gov/MARC21/slim">

  <leader>00808nam a2200181Ia 4500</leader>
  <datafield tag="952" ind1=" " ind2=" ">
    <subfield code="0">0</subfield>
    <subfield code="1">0</subfield>
    <subfield code="4">0</subfield>
    <subfield code="7">0</subfield>
    <subfield code="a">07</subfield>
    <subfield code="b">07</subfield>
    <subfield code="d">2008-12-23</subfield>
    <subfield code="l">8</subfield>
    <subfield code="o">BF121 G346 2005</subfield>
    <subfield code="p">07 000527</subfield>
    <subfield code="r">2019-10-10</subfield>
    <subfield code="s">2019-10-10</subfield>
    <subfield code="t">1</subfield>
    <subfield code="w">2012-06-26</subfield>
    <subfield code="y">LB</subfield>
  </datafield>
  <datafield tag="999" ind1=" " ind2=" ">
    <subfield code="c">66450</subfield>
    <subfield code="d">66450</subfield>
  </datafield>
  <controlfield tag="008">120626s2005    mx            000 0 spa d</controlfield>
  <datafield tag="020" ind1=" " ind2=" ">
    <subfield code="a">970-24-0755-9</subfield>
  </datafield>
  <datafield tag="050" ind1="0" ind2="4">
    <subfield code="a">BF121 </subfield>
    <subfield code="b">G346 2005</subfield>
  </datafield>
  <datafield tag="100" ind1=" " ind2=" ">
    <subfield code="a">Garc&#xED;a Gonz&#xE1;lez, Eva Laura</subfield>
    <subfield code="e">autor</subfield>
  </datafield>
  <datafield tag="245" ind1="1" ind2="0">
    <subfield code="a">Psicolog&#xED;a general</subfield>
    <subfield code="c">/ Eva Laura Garc&#xED;a Gonz&#xE1;lez</subfield>
  </datafield>
  <datafield tag="250" ind1=" " ind2=" ">
    <subfield code="a">2a edici&#xF3;n</subfield>
  </datafield>
  <datafield tag="260" ind1=" " ind2=" ">
    <subfield code="a">M&#xE9;xico</subfield>
    <subfield code="b">: Publicaciones Cultural</subfield>
    <subfield code="c">2005</subfield>
  </datafield>
  <datafield tag="300" ind1=" " ind2=" ">
    <subfield code="a">viii, 231 p&#xE1;ginas</subfield>
    <subfield code="b">: ilustraciones</subfield>
  </datafield>
  <datafield tag="505" ind1=" " ind2=" ">
    <subfield code="a">Introducci&#xF3;n al concepto de psicolog&#xED;a 
Bases biol&#xF3;gicas de la conducta 
Percepci&#xF3;n 
Aprendizaje y memoria 
Pensamiento y lenguaje 
Motivaci&#xF3;n y emoci&#xF3;n 
Diferencias individuales: personalidad 
Conducta  social 
Estr&#xE9;s y como afrontarlo 
Desarrollo psicol&#xF3;gico </subfield>
  </datafield>
  <datafield tag="519" ind1=" " ind2=" ">
    <subfield code="a"> </subfield>
    <subfield code="d"> </subfield>
  </datafield>
  <datafield tag="650" ind1="1" ind2="7">
    <subfield code="a">PSICOLOG&#xCD;A</subfield>
    <subfield code="x">ESTUDIO Y ENSE&#xD1;ANZA</subfield>
  </datafield>
  <datafield tag="942" ind1=" " ind2=" ">
    <subfield code="c">LB</subfield>
    <subfield code="2">lcc</subfield>
  </datafield>
</record>
